| 000 | 00657cam a22001691 4500 | ||
|---|---|---|---|
| 082 |
_a355.009241 _bREA |
||
| 100 | 1 |
_aReade, William Winwood, _949347 |
|
| 245 | 1 | 4 |
_aThe martyrdom of man, _cby Winwood Reade. |
| 250 | _aNew American ed. | ||
| 260 |
_aNew York, _bE.P. Dutton & company, inc. _c[1931] |
||
| 300 |
_a2 p. l., iii-xlix, 495 p. _c20 cm. |
||
| 500 | _a"First printing, July, 1926; second printing, May, 1931." | ||
| 500 | _a"This edition is a reprint of the twenty-fourth English edition with an introduction by F. Legge."--Publishers' note. | ||
| 526 |
_a0 _b0 _c0 _d355_009241000000000_REA |
||
| 650 | 0 |
_aMCE _xHistory. _939616 |
|
| 942 |
_2ddc _cBK |
||
| 999 |
_c552133 _d552133 |
||